Космические лучи в межпланетных магнитных полях: [монография]

গ্রন্থ-পঞ্জীর বিবরন
প্রধান লেখক: Топтыгин И. Н. Игорь Николаевич
ভাষা:রুশ
প্রকাশিত: Москва, Наука, 1983
বিষয়গুলি:
বিন্যাস: MixedMaterials গ্রন্থ
KOHA link:https://koha.lib.tpu.ru/cgi-bin/koha/opac-detail.pl?biblionumber=293518

MARC

LEADER 00000nam0a2200000 4500
001 293518
005 20231102000612.0
020 |a RU  |b 83-43807 
035 |a (RuTPU)RU\TPU\book\318547 
090 |a 293518 
100 |a 20150430d1983 k y0rusy5003 ca 
101 0 |a rus 
102 |a RU 
105 |a a z 001zy 
200 1 |a Космические лучи в межпланетных магнитных полях  |e [монография]  |f И. Н. Топтыгин 
210 |a Москва  |c Наука  |d 1983 
215 |a 304 с.  |c ил. 
320 |a Библиогр.: с. 285-302 
606 1 |a Магнитное поле космического пространства  |2 stltpush  |3 (RuTPU)RU\TPU\subj\40795  |9 60626 
610 1 |a космические лучи 
610 1 |a физика 
610 1 |a межпланетная среда 
610 1 |a физические свойства 
610 1 |a быстрые частицы 
610 1 |a движение 
610 1 |a ускорение 
610 1 |a галактические космические лучи 
610 1 |a модуляция 
610 1 |a монографии 
675 |a 523.6  |z rus  |v 4 
700 1 |a Топтыгин  |b И. Н.  |g Игорь Николаевич 
801 0 |a RU  |b RuMRKP  |c 19950704  |g psbo 
801 1 |a RU  |b 63413507  |c 20150430 
801 2 |a RU  |b 63413507  |c 20190705  |g RCR 
942 |c BK